000 00570nam a2200181 i 4500
001 99466
003 ES-MaACL
005 20230906182513.0
007 t|
008 050912s1921 sp ||||1| spa d
080 _a396(460)
100 1 _aMartínez, Graciano.
_977747
245 1 3 _aEl libro de la mujer española
_b: hacia un feminismo cuasi dogmático /
_cpor el P. Graciano Martínez.
260 _aMadrid :
_b[s.n.],
_c1921 (
_fImp. del Asilo de Huérfanos)
300 _aXVI, 394 p. ;
_c22 cm.
650 0 4 _aMujeres-
_zEspaña.
_915274
852 _aES-MaACL
_jD-1124
999 _c99466
_d99466